[Event "African Games Rapid Open 2019"]
[Site "Casablanca"]
[Date "2019.08.27"]
[Round "8.13"]
[White "Eichab, Charles"]
[Black "Khetho, Phemelo"]
[Result "0-1"]
[WhiteElo "2016"]
[BlackElo "2178"]
[Annotator "NA"]
[PlyCount "96"]
[EventDate "2019.08.26"]
[EventType "team-tourn"]
[EventCountry "MAR"]
[SourceTitle "playchess.com"]
[Source "ChessBase"]
[SourceQuality "1"]
[TimeControl "900+10"]

1. b3 {[%emt 0:00:00]} Nf6 {[%emt 0:00:00]} 2. Bb2 {[%emt 0:00:00]} d6 {[%emt 0:00:01]} 3. d4 {[%emt 0:02:03]} g6 {[%emt 0:00:07]} 4. g3 {[%emt 0:00:16]} Bg7 {[%emt 0:00:02]} 5. Bg2 {[%emt 0:00:01]} O-O {[%emt 0:00:05]} 6. Nd2 {[%emt 0:00:06]} c5 {[%emt 0:00:48]} 7. dxc5 {[%emt 0:00:11]} dxc5 {[%emt 0:00:03]} 8. Ngf3 {[%emt 0:00:07]} Nc6 {[%emt 0:00:03]} 9. O-O {[%emt 0:00:02]} Bf5 {[%emt 0:00:13]} 10. Ne5 {[%emt 0:02:37]} Nxe5 {[%emt 0:00:12]} 11. Bxe5 {[%emt 0:00:02]} Qc8 {[%emt 0:00:09]} 12. e4 {[%emt 0:00:50]} Bg4 {[%emt 0:00:04]} 13. f3 {[%emt 0:00:10]} Bh3 {[%emt 0:00:02]} 14. Qe2 {[%emt 0:00:06]} Bxg2 {[%emt 0:00:06]} 15. Kxg2 {[%emt 0:00:02]} Rd8 {[%emt 0:00:39]} 16. Nc4 {[%emt 0:00:15]} Qc6 {[%emt 0:00:49]} 17. Rad1 {[%emt 0:00:21]} b5 {[%emt 0:04:14]} 18. Ne3 {[%emt 0:01:37]} a6 {[%emt 0:01:44]} 19. Rxd8+ {[%emt 0:03:11]} Rxd8 {[%emt 0:00:02]} 20. Rd1 {[%emt 0:00:01]} Rxd1 {[%emt 0:01:57]} 21. Qxd1 {[%emt 0:00:01]} Ne8 {[%emt 0:00:11]} 22. Bxg7 {[%emt 0:00:11]} Kxg7 {[%emt 0:00:01]} 23. Qd5 {[%emt 0:00:02]} Qxd5 {[%emt 0:00:53]} 24. exd5 {[%emt 0:00:32]} Nd6 {[%emt 0:00:14]} 25. c4 {[%emt 0:00:27]} f5 {[%emt 0:00:26]} 26. Kf2 {[%emt 0:00:31]} Kf6 {[%emt 0:00:02]} 27. Ke2 {[%emt 0:00:01]} g5 {[%emt 0:00:31]} 28. f4 {[%emt 0:02:25]} gxf4 {[%emt 0:00:40]} 29. gxf4 {[%emt 0:00:01]} Ne4 {[%emt 0:00:05]} 30. cxb5 {[%emt 0:00:35]} axb5 {[%emt 0:00:03]} 31. Kd3 {[%emt 0:00:18]} e5 {[%emt 0:00:07]} 32. Ng4+ {[%emt 0:00:37]} fxg4 {[%emt 0:00:24]} 33. Kxe4 {[%emt 0:00:01]} exf4 {[%emt 0:00:05]} 34. Kxf4 {[%emt 0:00:03]} h5 {[%emt 0:00:03]} 35. a4 {[%emt 0:00:36]} c4 {[%emt 0:00:33]} 36. a5 {[%emt 0:01:01]} cxb3 {[%emt 0:00:02]} 37. a6 {[%emt 0:00:16]} b2 {[%emt 0:00:05]} 38. a7 {[%emt 0:00:02]} b1=Q {[%emt 0:00:03]} 39. a8=Q {[%emt 0:00:04]} Qc1+ {[%emt 0:00:58]} 40. Ke4 {[%emt 0:00:19]} Qc2+ {[%emt 0:00:03]} 41. Kd4 {[%emt 0:00:37]} Qc4+ {[%emt 0:00:14]} 42. Ke3 {[%emt 0:00:02]} Qc3+ {[%emt 0:00:09]} 43. Ke4 {[%emt 0:00:12]} Qe5+ {[%emt 0:00:02]} 44. Kd3 {[%emt 0:00:05]} Qxh2 {[%emt 0:00:18]} 45. Qc6+ {[%emt 0:00:06]} Kg5 {[%emt 0:00:14]} 46. d6 {[%emt 0:00:41]} Qg3+ {[%emt 0:00:22]} 47. Kd2 {[%emt 0:00:23]} Qf4+ {[%emt 0:00:29]} 48. Ke2 {[%emt 0:00:28]} Qf3+ {[%emt 0:00:05]} 0-1

[Event "African Games Rapid Open 2019"]
[Site "Casablanca"]
[Date "2019.08.27"]
[Round "8.14"]
[White "Espirito Santo, Waldyr"]
[Black "Traore, Bakary"]
[Result "0-1"]
[WhiteElo "1923"]
[BlackElo "2189"]
[Annotator "NA"]
[PlyCount "74"]
[EventDate "2019.08.26"]
[EventType "team-tourn"]
[EventCountry "MAR"]
[SourceTitle "playchess.com"]
[Source "ChessBase"]
[SourceQuality "1"]
[TimeControl "900+10"]

1. e4 {[%emt 0:00:00]} e5 {[%emt 0:00:00]} 2. Nf3 {[%emt 0:00:00]} Nf6 {[%emt 0:00:00]} 3. Nc3 {[%emt 0:00:00]} Nc6 {[%emt 0:00:00]} 4. Bb5 {[%emt 0:00:09]} Nd4 {[%emt 0:00:00]} 5. Nxd4 exd4 {[%emt 0:00:00]} 6. Ne2 {[%emt 0:02:40]} Nxe4 {[%emt 0:00:11]} 7. d3 {[%emt 0:00:29]} Nd6 {[%emt 0:00:05]} 8. Ba4 {[%emt 0:00:18]} Nf5 {[%emt 0:00:38]} 9. O-O {[%emt 0:00:10]} Be7 {[%emt 0:00:01]} 10. Bf4 {[%emt 0:00:24]} O-O {[%emt 0:00:11]} 11. Qd2 {[%emt 0:00:15]} d5 {[%emt 0:00:19]} 12. Rae1 {[%emt 0:00:57]} c6 {[%emt 0:00:21]} 13. c3 {[%emt 0:00:40]} Bf6 {[%emt 0:00:24]} 14. Bb3 {[%emt 0:01:04]} h6 {[%emt 0:02:28]} 15. h3 {[%emt 0:00:27]} a5 {[%emt 0:00:24]} 16. Bd1 {[%emt 0:00:18]} Be6 {[%emt 0:00:29]} 17. Kh1 {[%emt 0:00:13]} Bg5 {[%emt 0:00:20]} 18. cxd4 {[%emt 0:00:53]} Qf6 {[%emt 0:01:54]} 19. Bxg5 {[%emt 0:00:19]} hxg5 {[%emt 0:00:15]} 20. f4 {[%emt 0:02:54]} g4 {[%emt 0:00:14]} 21. hxg4 {[%emt 0:00:06]} Qh4+ {[%emt 0:00:01]} 22. Kg1 {[%emt 0:00:13]} Qxg4 {[%emt 0:00:03]} 23. Rf3 {[%emt 0:01:06]} Rfe8 {[%emt 0:00:26]} 24. Kf2 {[%emt 0:00:18]} Qh4+ {[%emt 0:00:09]} 25. Kg1 {[%emt 0:00:11]} Nh6 {[%emt 0:00:36]} 26. Re3 {[%emt 0:01:09]} Ng4 {[%emt 0:01:21]} 27. Rg3 {[%emt 0:00:34]} Bf5 {[%emt 0:00:21]} 28. Rxg4 {[%emt 0:00:34]} Bxg4 {[%emt 0:00:04]} 29. g3 {[%emt 0:00:08]} Qh3 {[%emt 0:00:17]} 30. b3 {[%emt 0:00:24]} Re7 {[%emt 0:00:34]} 31. Rf1 {[%emt 0:00:15]} Bxe2 {[%emt 0:00:25]} 32. Bxe2 {[%emt 0:00:03]} Qxg3+ {[%emt 0:00:03]} 33. Kh1 {[%emt 0:00:03]} Re6 {[%emt 0:00:03]} 34. Bh5 {[%emt 0:00:24]} Rh6 {[%emt 0:00:19]} 35. Qh2 {[%emt 0:00:32]} Qxh2+ {[%emt 0:00:04]} 36. Kxh2 {[%emt 0:00:01]} Rxh5+ {[%emt 0:00:03]} 37. Kg3 {[%emt 0:00:02]} Re8 0-1

[Event "African Games Rapid Open 2019"]
[Site "Casablanca"]
[Date "2019.08.27"]
[Round "8.15"]
[White "Amba, Oyon Marius Claude"]
[Black "Gohil, Mehul"]
[Result "1/2-1/2"]
[WhiteElo "1911"]
[BlackElo "2076"]
[Annotator "NA"]
[PlyCount "137"]
[EventDate "2019.08.26"]
[EventType "team-tourn"]
[EventCountry "MAR"]
[SourceTitle "playchess.com"]
[Source "ChessBase"]
[SourceQuality "1"]
[TimeControl "900+10"]

1. e4 {[%emt 0:00:00]} c5 {[%emt 0:00:00]} 2. Nf3 {[%emt 0:00:00]} d6 {[%emt 0:00:00]} 3. d4 {[%emt 0:00:00]} cxd4 {[%emt 0:00:00]} 4. Nxd4 {[%emt 0:00:00]} Nf6 {[%emt 0:00:00]} 5. Nc3 {[%emt 0:00:00]} a6 {[%emt 0:00:00]} 6. f4 {[%emt 0:00:00]} e6 {[%emt 0:00:06]} 7. Nf3 {[%emt 0:00:00]} Nc6 {[%emt 0:00:19]} 8. Bd3 {[%emt 0:00:02]} Be7 {[%emt 0:00:07]} 9. O-O {[%emt 0:00:01]} O-O {[%emt 0:00:17]} 10. Kh1 {[%emt 0:00:01]} Qc7 {[%emt 0:00:12]} 11. a3 {[%emt 0:00:16]} b5 {[%emt 0:00:09]} 12. Qe1 {[%emt 0:00:43]} b4 {[%emt 0:00:25]} 13. axb4 {[%emt 0:00:06]} Nxb4 {[%emt 0:00:04]} 14. e5 {[%emt 0:01:08]} Nxd3 {[%emt 0:00:22]} 15. cxd3 {[%emt 0:00:01]} dxe5 {[%emt 0:00:51]} 16. fxe5 {[%emt 0:00:03]} Nd7 {[%emt 0:00:02]} 17. Qg3 {[%emt 0:00:30]} f6 {[%emt 0:00:54]} 18. Bh6 {[%emt 0:00:12]} Rf7 {[%emt 0:00:04]} 19. Ne4 {[%emt 0:00:16]} Kh8 {[%emt 0:01:28]} 20. Nd6 {[%emt 0:03:58]} Bxd6 {[%emt 0:01:26]} 21. exd6 {[%emt 0:00:02]} Qd8 {[%emt 0:01:18]} 22. Bd2 {[%emt 0:00:06]} Nf8 {[%emt 0:01:15]} 23. Ne5 {[%emt 0:00:54]} Rb7 {[%emt 0:00:25]} 24. Qf3 {[%emt 0:01:12]} Kg8 {[%emt 0:01:07]} 25. Nc4 {[%emt 0:02:02]} Rab8 {[%emt 0:01:00]} 26. Ba5 {[%emt 0:00:03]} Qe8 {[%emt 0:00:29]} 27. Bc7 {[%emt 0:00:03]} Ra8 {[%emt 0:00:34]} 28. Nb6 {[%emt 0:00:04]} Raa7 {[%emt 0:00:19]} 29. Nxc8 {[%emt 0:00:26]} Qxc8 {[%emt 0:00:06]} 30. Qe2 {[%emt 0:00:42]} e5 {[%emt 0:00:32]} 31. Ra4 {[%emt 0:00:36]} Ne6 {[%emt 0:00:07]} 32. Qg4 {[%emt 0:01:01]} Qe8 {[%emt 0:00:03]} 33. Rc4 {[%emt 0:00:38]} Nxc7 {[%emt 0:00:32]} 34. dxc7 {[%emt 0:01:12]} Rxc7 {[%emt 0:00:04]} 35. Rxf6 {[%emt 0:01:04]} Qe7 {[%emt 0:00:35]} 36. Re6 {[%emt 0:00:16]} Qf7 {[%emt 0:01:08]} 37. h3 {[%emt 0:00:28]} Rxc4 {[%emt 0:00:31]} 38. Qxc4 {[%emt 0:00:12]} Qf1+ {[%emt 0:00:55]} 39. Kh2 {[%emt 0:00:05]} Qf4+ {[%emt 0:00:02]} 40. Qxf4 {[%emt 0:00:08]} exf4 {[%emt 0:00:01]} 41. Re4 {[%emt 0:00:11]} g5 {[%emt 0:00:22]} 42. Ra4 {[%emt 0:00:08]} Rb7 {[%emt 0:00:20]} 43. b4 {[%emt 0:00:07]} Rb6 {[%emt 0:00:06]} 44. Kg1 {[%emt 0:00:04]} Kf7 {[%emt 0:00:01]} 45. Kf2 {[%emt 0:00:06]} Ke6 {[%emt 0:00:04]} 46. Kf3 {[%emt 0:00:01]} h5 {[%emt 0:00:12]} 47. Ke4 {[%emt 0:00:02]} Rd6 {[%emt 0:00:06]} 48. d4 {[%emt 0:00:02]} Kf6 {[%emt 0:00:01]} 49. d5 {[%emt 0:00:15]} Rb6 {[%emt 0:00:15]} 50. Kd4 {[%emt 0:00:11]} Rd6 {[%emt 0:00:02]} 51. Kc5 {[%emt 0:00:05]} Ke5 {[%emt 0:00:01]} 52. Kc4 {[%emt 0:00:10]} g4 {[%emt 0:00:21]} 53. hxg4 {[%emt 0:00:14]} hxg4 {[%emt 0:00:01]} 54. Ra1 {[%emt 0:00:01]} f3 {[%emt 0:00:14]} 55. gxf3 {[%emt 0:00:14]} gxf3 {[%emt 0:00:01]} 56. Re1+ {[%emt 0:00:01]} Kf4 {[%emt 0:00:05]} 57. Kc5 {[%emt 0:00:01]} Rd8 {[%emt 0:00:12]} 58. d6 {[%emt 0:00:03]} f2 {[%emt 0:00:02]} 59. Rd1 {[%emt 0:00:05]} Ke3 {[%emt 0:00:04]} 60. Kc6 {[%emt 0:00:03]} Ke2 {[%emt 0:00:02]} 61. Ra1 {[%emt 0:00:10]} f1=Q {[%emt 0:00:50]} 62. Rxf1 {[%emt 0:00:01]} Kxf1 {[%emt 0:00:02]} 63. Kc7 {[%emt 0:00:03]} Rh8 {[%emt 0:00:08]} 64. d7 {[%emt 0:00:01]} Ke2 {[%emt 0:00:05]} 65. d8=Q {[%emt 0:00:18]} Rxd8 {[%emt 0:00:02]} 66. Kxd8 {[%emt 0:00:01]} Kd3 {[%emt 0:00:02]} 67. Kc7 {[%emt 0:00:02]} Kc4 {[%emt 0:00:01]} 68. Kb6 {[%emt 0:00:01]} Kxb4 {[%emt 0:00:02]} 69. Kxa6 {[%emt 0:00:01]} 1/2-1/2

[Event "African Games Rapid Open 2019"]
[Site "Casablanca"]
[Date "2019.08.27"]
[Round "8.17"]
[White "Asante Debesai Zerabruk"]
[Black "Ebosse, Kingue Victor Patric"]
[Result "0-1"]
[WhiteElo "1712"]
[BlackElo "2055"]
[Annotator "NA"]
[PlyCount "52"]
[EventDate "2019.08.26"]
[EventType "team-tourn"]
[EventCountry "MAR"]
[SourceTitle "playchess.com"]
[Source "ChessBase"]
[SourceQuality "1"]
[TimeControl "900+10"]

1. e4 {[%emt 0:00:00]} c5 {[%emt 0:00:00]} 2. Nf3 {[%emt 0:00:00]} d6 {[%emt 0:00:00]} 3. d4 {[%emt 0:00:00]} cxd4 4. Nxd4 {[%emt 0:00:00]} Nf6 {[%emt 0:00:00]} 5. Nc3 {[%emt 0:00:00]} a6 {[%emt 0:00:00]} 6. Be2 {[%emt 0:00:02]} e5 {[%emt 0:00:03]} 7. Nb3 {[%emt 0:00:01]} Be6 {[%emt 0:00:02]} 8. Be3 {[%emt 0:00:04]} Nbd7 {[%emt 0:00:02]} 9. O-O {[%emt 0:00:31]} Rc8 {[%emt 0:00:08]} 10. f3 {[%emt 0:00:34]} b5 {[%emt 0:00:06]} 11. Bg5 {[%emt 0:00:42]} Be7 {[%emt 0:00:04]} 12. Qd2 {[%emt 0:00:19]} b4 {[%emt 0:00:24]} 13. Bxf6 {[%emt 0:00:32]} bxc3 {[%emt 0:00:12]} 14. Bxe7 {[%emt 0:00:05]} Qb6+ {[%emt 0:00:05]} 15. Kh1 {[%emt 0:03:25]} cxd2 {[%emt 0:00:05]} 16. Bg5 {[%emt 0:00:01]} Rxc2 {[%emt 0:00:24]} 17. Bxd2 {[%emt 0:00:28]} Bxb3 {[%emt 0:00:10]} 18. axb3 {[%emt 0:00:27]} Rxd2 {[%emt 0:00:03]} 19. Rxa6 {[%emt 0:00:05]} Rxe2 {[%emt 0:00:16]} 20. Rxb6 {[%emt 0:00:23]} Nxb6 {[%emt 0:00:03]} 21. h3 {[%emt 0:00:16]} Rxb2 {[%emt 0:00:04]} 22. Rd1 {[%emt 0:00:03]} Ke7 {[%emt 0:00:08]} 23. Rd3 {[%emt 0:00:08]} Ra8 {[%emt 0:00:08]} 24. Rc3 {[%emt 0:00:33]} Ra1+ {[%emt 0:00:12]} 25. Kh2 {[%emt 0:00:01]} Raa2 {[%emt 0:00:02]} 26. Rc7+ {[%emt 0:00:13]} Kd8 {[%emt 0:00:06]} 0-1

[Event "African Games Rapid Open 2019"]
[Site "Casablanca"]
[Date "2019.08.27"]
[Round "8.18"]
[White "Sang, Ricky"]
[Black "Kouya, Tyeoulou Bernardin F"]
[Result "0-1"]
[WhiteElo "1971"]
[BlackElo "1770"]
[Annotator "NA"]
[PlyCount "122"]
[EventDate "2019.08.26"]
[EventType "team-tourn"]
[EventCountry "MAR"]
[SourceTitle "playchess.com"]
[Source "ChessBase"]
[SourceQuality "1"]
[TimeControl "900+10"]

1. d4 {[%emt 0:00:00]} d5 {[%emt 0:00:00]} 2. Bf4 {[%emt 0:00:00]} Nf6 {[%emt 0:00:00]} 3. e3 {[%emt 0:00:00]} e6 {[%emt 0:00:00]} 4. Nd2 {[%emt 0:00:00]} Be7 {[%emt 0:00:00]} 5. Bd3 {[%emt 0:00:06]} Nbd7 {[%emt 0:00:03]} 6. Ngf3 {[%emt 0:00:12]} O-O {[%emt 0:00:06]} 7. Ne5 {[%emt 0:00:03]} c5 {[%emt 0:00:07]} 8. c3 {[%emt 0:00:02]} a6 {[%emt 0:00:19]} 9. h4 {[%emt 0:00:02]} h6 {[%emt 0:00:14]} 10. g4 {[%emt 0:00:04]} Nxe5 {[%emt 0:00:03]} 11. dxe5 {[%emt 0:00:02]} Nd7 {[%emt 0:00:03]} 12. g5 {[%emt 0:00:18]} Qc7 {[%emt 0:00:50]} 13. gxh6 {[%emt 0:00:41]} g6 {[%emt 0:00:01]} 14. Nf3 {[%emt 0:00:47]} Kh7 {[%emt 0:00:15]} 15. h5 {[%emt 0:00:07]} Rg8 {[%emt 0:00:03]} 16. Rg1 {[%emt 0:01:15]} b5 {[%emt 0:00:13]} 17. Qc2 {[%emt 0:00:18]} Nf8 {[%emt 0:00:38]} 18. Bg5 {[%emt 0:01:12]} c4 {[%emt 0:00:16]} 19. Be2 {[%emt 0:00:16]} Bb7 {[%emt 0:00:04]} 20. O-O-O {[%emt 0:00:26]} a5 {[%emt 0:00:24]} 21. Bf6 {[%emt 0:00:36]} Bxf6 {[%emt 0:00:17]} 22. exf6 {[%emt 0:00:06]} b4 {[%emt 0:00:14]} 23. Ng5+ {[%emt 0:00:07]} Kh8 {[%emt 0:00:02]} 24. h7 {[%emt 0:00:30]} Nxh7 {[%emt 0:00:02]} 25. Nxh7 {[%emt 0:00:04]} b3 {[%emt 0:00:50]} 26. axb3 {[%emt 0:00:07]} cxb3 {[%emt 0:00:02]} 27. Qd2 {[%emt 0:01:26]} a4 {[%emt 0:00:22]} 28. hxg6 {[%emt 0:00:06]} Rxg6 {[%emt 0:00:03]} 29. Rxg6 {[%emt 0:01:30]} fxg6 {[%emt 0:00:09]} 30. Rh1 a3 {[%emt 0:01:25]} 31. Ng5+ {[%emt 0:00:31]} Kg8 {[%emt 0:00:01]} 32. f7+ {[%emt 0:00:49]} Kf8 33. Nxe6+ {[%emt 0:00:18]} Kxf7 {[%emt 0:04:36]} 34. Nxc7 a2 {[%emt 0:00:02]} 35. Rh7+ {[%emt 0:01:14]} Kg8 36. Rh8+ {[%emt 0:00:12]} Kxh8 {[%emt 0:00:52]} 37. Qd4+ {[%emt 0:00:05]} Kg8 38. Bd3 {[%emt 0:01:26]} a1=Q+ {[%emt 0:00:31]} 39. Bb1 {[%emt 0:00:20]} Ra2 {[%emt 0:01:55]} 40. Qd2 d4 41. f3 {[%emt 0:01:30]} Bxf3 {[%emt 0:00:39]} 42. Nd5 {[%emt 0:01:54]} Bxd5 {[%emt 0:00:21]} 43. Qh2 {[%emt 0:00:07]} Be4 {[%emt 0:00:40]} 44. Qb8+ {[%emt 0:00:04]} Kf7 {[%emt 0:00:38]} 45. Qxb3+ {[%emt 0:00:49]} Kf6 {[%emt 0:00:24]} 46. Qxa2 {[%emt 0:00:10]} Qxa2 {[%emt 0:00:16]} 47. Bxa2 {[%emt 0:00:03]} dxe3 {[%emt 0:00:04]} 48. Kd1 {[%emt 0:00:03]} Bd3 {[%emt 0:00:04]} 49. Ke1 {[%emt 0:00:05]} g5 {[%emt 0:00:02]} 50. Bd5 {[%emt 0:00:19]} g4 {[%emt 0:00:04]} 51. c4 {[%emt 0:00:09]} g3 {[%emt 0:00:01]} 52. c5 {[%emt 0:00:13]} Ke5 {[%emt 0:00:08]} 53. Bg2 {[%emt 0:00:10]} Be4 {[%emt 0:00:14]} 54. Bh3 {[%emt 0:01:36]} g2 {[%emt 0:00:11]} 55. Bxg2 Bxg2 56. Ke2 {[%emt 0:00:15]} Kd4 {[%emt 0:00:10]} 57. b4 {[%emt 0:00:07]} Bc6 {[%emt 0:00:02]} 58. Ke1 {[%emt 0:00:07]} Bb5 {[%emt 0:00:04]} 59. Kd1 {[%emt 0:00:09]} e2+ {[%emt 0:00:06]} 60. Ke1 {[%emt 0:00:01]} Kd3 {[%emt 0:00:05]} 61. c6 {[%emt 0:00:54]} Bxc6 {[%emt 0:00:04]} 0-1

[Event "African Games Rapid Open 2019"]
[Site "Casablanca"]
[Date "2019.08.27"]
[Round "8.19"]
[White "Rita, Jeorciley"]
[Black "Yahi, Mohamed Salem"]
[Result "1-0"]
[WhiteElo "1920"]
[BlackElo "1928"]
[Annotator "NA"]
[PlyCount "63"]
[EventDate "2019.08.26"]
[EventType "team-tourn"]
[EventCountry "MAR"]
[SourceTitle "playchess.com"]
[Source "ChessBase"]
[SourceQuality "1"]
[TimeControl "900+10"]

1. e4 {[%emt 0:00:00]} d6 {[%emt 0:00:00]} 2. d4 {[%emt 0:00:00]} Nf6 {[%emt 0:00:00]} 3. Nd2 {[%emt 0:00:06]} g6 {[%emt 0:00:12]} 4. b3 {[%emt 0:00:02]} Bg7 {[%emt 0:00:07]} 5. Bb2 {[%emt 0:00:01]} O-O {[%emt 0:00:10]} 6. Ngf3 {[%emt 0:00:09]} Bg4 {[%emt 0:00:04]} 7. h3 {[%emt 0:00:06]} Bxf3 {[%emt 0:00:03]} 8. Qxf3 {[%emt 0:00:03]} Nbd7 {[%emt 0:00:10]} 9. Bd3 {[%emt 0:00:22]} e5 {[%emt 0:00:05]} 10. c3 {[%emt 0:00:15]} c5 {[%emt 0:01:00]} 11. d5 {[%emt 0:01:02]} Nh5 {[%emt 0:00:49]} 12. g3 {[%emt 0:00:50]} a6 {[%emt 0:00:27]} 13. O-O {[%emt 0:00:17]} b5 {[%emt 0:01:29]} 14. c4 {[%emt 0:00:02]} b4 {[%emt 0:00:16]} 15. a3 {[%emt 0:00:19]} Bh6 {[%emt 0:00:14]} 16. Qe2 {[%emt 0:00:50]} a5 {[%emt 0:00:50]} 17. a4 {[%emt 0:00:06]} Qe7 {[%emt 0:00:50]} 18. Nf3 {[%emt 0:00:32]} Ng7 {[%emt 0:00:56]} 19. Nh4 {[%emt 0:00:54]} Bg5 {[%emt 0:01:56]} 20. Ng2 {[%emt 0:00:01]} f5 {[%emt 0:00:14]} 21. exf5 {[%emt 0:00:15]} Nxf5 {[%emt 0:00:08]} 22. Bxf5 {[%emt 0:00:16]} Rxf5 {[%emt 0:00:43]} 23. f4 {[%emt 0:00:01]} Bf6 {[%emt 0:00:44]} 24. g4 {[%emt 0:00:11]} exf4 {[%emt 0:00:35]} 25. Qxe7 {[%emt 0:00:04]} Bxe7 {[%emt 0:00:09]} 26. gxf5 {[%emt 0:00:04]} g5 {[%emt 0:00:02]} 27. Rae1 {[%emt 0:00:11]} Kf7 {[%emt 0:00:47]} 28. Re6 {[%emt 0:02:01]} Rg8 {[%emt 0:01:12]} 29. Rfe1 {[%emt 0:00:11]} Bf8 {[%emt 0:00:28]} 30. f6 {[%emt 0:00:59]} Rg6 {[%emt 0:00:27]} 31. Re7+ {[%emt 0:00:05]} Bxe7 {[%emt 0:01:14]} 32. Rxe7+ {[%emt 0:00:03]} 1-0

[Event "African Games Rapid Open 2019"]
[Site "Casablanca"]
[Date "2019.08.27"]
[Round "8.20"]
[White "Hassan, Sidi Mohamed cheikh"]
[Black "Koualet-Bebondi, Vianney Archeveq"]
[Result "1-0"]
[WhiteElo "1752"]
[BlackElo "1679"]
[Annotator "NA"]
[PlyCount "73"]
[EventDate "2019.08.26"]
[EventType "team-tourn"]
[EventCountry "MAR"]
[SourceTitle "playchess.com"]
[Source "ChessBase"]
[SourceQuality "1"]
[TimeControl "900+10"]

1. e4 {[%emt 0:00:00]} e5 {[%emt 0:00:00]} 2. Nf3 {[%emt 0:00:00]} d6 {[%emt 0:00:00]} 3. d4 {[%emt 0:00:00]} exd4 {[%emt 0:00:04]} 4. Nxd4 {[%emt 0:00:00]} Nf6 {[%emt 0:00:07]} 5. Nc3 {[%emt 0:00:02]} c6 {[%emt 0:00:05]} 6. Be3 {[%emt 0:00:15]} Be7 {[%emt 0:00:03]} 7. f3 {[%emt 0:00:05]} O-O {[%emt 0:01:12]} 8. Qd2 {[%emt 0:00:02]} a6 {[%emt 0:00:06]} 9. O-O-O {[%emt 0:00:45]} b5 {[%emt 0:00:21]} 10. g4 {[%emt 0:00:30]} Qa5 {[%emt 0:00:08]} 11. Kb1 {[%emt 0:00:03]} b4 {[%emt 0:00:22]} 12. Nce2 {[%emt 0:00:10]} c5 {[%emt 0:00:04]} 13. Nf5 {[%emt 0:00:09]} Bxf5 {[%emt 0:00:12]} 14. exf5 {[%emt 0:00:08]} Ne8 {[%emt 0:01:41]} 15. Nf4 {[%emt 0:01:26]} Nc7 16. Bc4 {[%emt 0:00:11]} Nd7 {[%emt 0:01:59]} 17. g5 {[%emt 0:00:04]} Ne5 {[%emt 0:00:40]} 18. Bd5 {[%emt 0:02:27]} Nxd5 19. Nxd5 {[%emt 0:00:03]} Bd8 {[%emt 0:01:46]} 20. Qg2 {[%emt 0:01:10]} g6 {[%emt 0:02:20]} 21. Qh3 {[%emt 0:02:58]} Qb5 {[%emt 0:01:22]} 22. Nf6+ {[%emt 0:00:17]} Bxf6 {[%emt 0:00:15]} 23. gxf6 {[%emt 0:00:02]} Kh8 {[%emt 0:00:10]} 24. Qh6 {[%emt 0:01:59]} Rg8 {[%emt 0:00:16]} 25. Rhg1 {[%emt 0:01:27]} Qd7 {[%emt 0:00:11]} 26. fxg6 {[%emt 0:00:05]} fxg6 {[%emt 0:00:21]} 27. Bxc5 {[%emt 0:00:14]} Nf7 {[%emt 0:00:45]} 28. Qh4 {[%emt 0:00:12]} a5 {[%emt 0:01:01]} 29. Bxd6 {[%emt 0:00:31]} Rad8 {[%emt 0:00:44]} 30. Bf4 {[%emt 0:02:00]} Qxd1+ {[%emt 0:01:29]} 31. Rxd1 {[%emt 0:00:02]} Rxd1+ 32. Bc1 Rgd8 {[%emt 0:00:48]} 33. b3 {[%emt 0:00:27]} Rf1 {[%emt 0:00:31]} 34. Kb2 {[%emt 0:02:16]} Rdd1 {[%emt 0:00:18]} 35. Qf4 {[%emt 0:00:03]} h6 36. Qb8+ Kh7 37. Qf8 1-0